000 00679nam a2200265Ia 4500
005 20260121171842.0
008 008 260114s9999 xx 000 0 eng d
020 _a9783030421724
037 _aEBOOK
040 _aCRL
040 _beng
040 _cCRL
041 _2eng
041 _aeng
084 _qCRL
100 _aDeborah Corrigan, Cathy Buntting, Angela Fitzgerald, Alister Jones
_91081241
245 0 _aValues in Science Education
260 _bSpringer
260 _bSpringer
260 _c2020
856 _uhttps://link.springer.com/openurl?genre=book&isbn=978-3-030-42172-4
942 _cEBOOK
999 _c1646974
_d1646974